[Event "C.to Provinciale AN-AP-FM-MC"]
[Site "Porto Sant'Elpidio ITA"]
[Date "2016.01.30"]
[Round "2"]
[White "Ricci, Angelo"]
[Black "Skrijely, Edin"]
[WhiteElo "1445"]
[BlackElo "1682"]
[Result "1/2-1/2"]
[PlyCount "111"]
[EventDate "2016.01.29"]

1. c4 Nf6 2. g3 g6 3. Bg2 Bg7 4. Nc3 d6 5. Nf3 Nbd7 6. d3 a6 7. a3 Rb8 8. Rb1
b6 9. e3 b5 10. Nd4 Bb7 11. Nc6 Bxc6 12. Bxc6 bxc4 13. dxc4 O-O 14. O-O Nh5 15.
Bd2 Ne5 16. Qa4 Nf3+ 17. Bxf3 Nf6 18. Qc2 Nd7 19. b4 Ne5 20. Bg2 Nxc4 21. Rb3
e6 22. Ne2 d5 23. Rd1 c6 24. Nd4 Qb6 25. Rdb1 Rfc8 26. Ne2 Rc7 27. Nc1 Qa7 28.
Bf1 Nd6 29. Nd3 Ne4 30. Nc5 Nxd2 31. Qxd2 Rb6 32. a4 a5 33. b5 cxb5 34. Rxb5
Rxb5 35. Rxb5 Rxc5 36. Rxc5 Qxc5 37. Qd3 Bc3 38. Qb5 Bb4 39. Qxc5 Bxc5 40. Bd3
Kg7 41. Kg2 f5 42. h3 Kf6 43. g4 e5 44. gxf5 e4 45. Bb5 gxf5 46. h4 d4 47. exd4
Bxd4 48. Be2 f4 49. f3 e3 50. Bd3 Ke5 51. Kf1 h6 52. h5 Kf6 53. Ke2 Kg5 54. Bg6
Kh4 55. Be8 Kg3 56. Bg6 1/2-1/2

[Event "C.to Provinciale AN-AP-FM-MC"]
[Site "Porto Sant'Elpidio ITA"]
[Date "2016.01.30"]
[Round "2"]
[White "Sbraccia, Giovanni"]
[Black "Pocognoli, Gianfranco"]
[WhiteElo "1919"]
[BlackElo "1694"]
[Result "1-0"]
[PlyCount "93"]
[EventDate "2016.01.29"]

1. Nf3 d5 2. g3 e6 3. Bg2 f5 4. c4 c6 5. O-O Nf6 6. d4 Bd6 7. b3 Qe7 8. Bb2 b6
9. Nbd2 Bb7 10. e3 O-O 11. Rc1 Nbd7 12. Ne5 Bxe5 13. dxe5 Ng4 14. Nf3 Rac8 15.
h3 Nh6 16. Qd4 c5 17. Qf4 Nf7 18. h4 h6 19. h5 Rfd8 20. Nh4 Nf8 21. Rfd1 Qg5
22. cxd5 exd5 23. Qxf5 Qxf5 24. Nxf5 Re8 25. Bxd5 Bxd5 26. Rxd5 Ne6 27. Rd7 Rc7
28. Rcd1 a5 29. Rxc7 Nxc7 30. Nxg7 Re7 31. Nf5 Re8 32. Rd7 Ne6 33. Rxf7 Kxf7
34. Nd6+ Ke7 35. Nxe8 Kxe8 36. f4 Kf7 37. Kf2 b5 38. Kf3 Nc7 39. Ke4 Ke7 40. f5
b4 41. e6 Nb5 42. Ke5 Nc3 43. f6+ Ke8 44. Kd6 Ne4+ 45. Kd5 Nxg3 46. Kxc5 Nxh5
47. Be5 1-0

[Event "C.to Provinciale AN-AP-FM-MC"]
[Site "Porto Sant'Elpidio ITA"]
[Date "2016.01.30"]
[Round "2"]
[White "Serpilli, Francesco"]
[Black "Marvulli, Michele"]
[WhiteElo "1586"]
[BlackElo "1407"]
[Result "1-0"]
[PlyCount "140"]
[EventDate "2016.01.29"]

1. d4 c5 2. d5 e5 3. c4 d6 4. Nc3 Be7 5. e4 Nf6 6. Be2 Nbd7 7. Nf3 O-O 8. O-O
Ne8 9. Bd3 g6 10. Bh6 Ng7 11. Qc2 Nf6 12. h3 Nfh5 13. Qd2 f5 14. Bg5 f4 15.
Bxe7 Qxe7 16. Be2 g5 17. Nh2 Nf6 18. a3 b6 19. Qd1 h5 20. Rc1 a6 21. f3 Rb8 22.
Rf2 Qb7 23. Bd3 Bd7 24. Rfc2 Kh7 25. Qd2 Rg8 26. b4 cxb4 27. axb4 Qa7 28. Kh1
Rbc8 29. Ra2 Ra8 30. c5 bxc5 31. Rxa6 Qb7 32. bxc5 dxc5 33. Rxf6 Qb4 34. Qc2 c4
35. Be2 Ra3 36. Rf7 Be8 37. Rc7 Bb5 38. Nxb5 Qxb5 39. Qxc4 Qxc4 40. R7xc4 Rga8
41. Nf1 h4 42. Kg1 Ra2 43. R4c2 Rxc2 44. Rxc2 Ra1 45. Kf2 Kg6 46. Nd2 Nh5 47.
Nb3 Rb1 48. Nc5 Kf7 49. Nd7 Rb3 50. Nxe5+ Kf6 51. Ng4+ Ke7 52. e5 Ng3 53. Ke1
Rb1+ 54. Kd2 Rg1 55. d6+ Kd8 56. Kd3 Rxg2 57. e6 Nf5 58. e7+ Nxe7 59. dxe7+
Kxe7 60. Rc7+ Ke6 61. Rc4 Rg3 62. Re4+ Kf7 63. Re5 Kg6 64. Nf2 Rg2 65. Ne4 Kh5
66. Nxg5 Rxg5 67. Rxg5+ Kxg5 68. Ke4 Kg6 69. Kxf4 Kh5 70. Kf5 Kh6 1-0

[Event "C.to Provinciale AN-AP-FM-MC"]
[Site "Porto Sant'Elpidio ITA"]
[Date "2016.01.30"]
[Round "3"]
[White "Cappella, Leonardo"]
[Black "Marchetti, Michael"]
[WhiteElo "1649"]
[BlackElo "1818"]
[Result "1/2-1/2"]
[PlyCount "69"]
[EventDate "2016.01.29"]

1. d4 Nf6 2. c4 c6 3. Nc3 d5 4. e3 g6 5. Nf3 Bg7 6. Bd3 O-O 7. O-O e6 8. b3
Nbd7 9. Bb2 Nb6 10. Re1 Bd7 11. Rc1 Nc8 12. e4 dxe4 13. Nxe4 Nxe4 14. Bxe4 Qa5
15. Re2 Nd6 16. Bc3 Qc7 17. Bb1 Rfe8 18. Qc2 Rad8 19. Rce1 c5 20. dxc5 Qxc5 21.
Bxg7 Kxg7 22. Qc3+ Kg8 23. Ne5 f5 24. Nxd7 Rxd7 25. Re5 Qc7 26. Qe3 Ne4 27. f4
Nd6 28. Rxe6 Rxe6 29. Qxe6+ Rf7 30. Rd1 Nc8 31. Rd5 Nb6 32. Re5 Qd7 33. Qe8+
Qxe8 34. Rxe8+ Kg7 35. Bc2 1/2-1/2

[Event "C.to Provinciale AN-AP-FM-MC"]
[Site "Porto Sant'Elpidio ITA"]
[Date "2016.01.30"]
[Round "3"]
[White "Censi, Cesare"]
[Black "Agostinelli, Michele"]
[WhiteElo "1514"]
[BlackElo "1558"]
[Result "0-1"]
[PlyCount "85"]
[EventDate "2016.01.29"]

1. d4 d5 2. c4 e6 3. e3 Nf6 4. Nf3 Be7 5. Be2 Nbd7 6. O-O O-O 7. a4 a5 8. Nc3
dxc4 9. Bxc4 Nb6 10. Be2 Bd7 11. Qc2 h6 12. Ne4 Nbd5 13. Nxf6+ Nxf6 14. b3 Rc8
15. Bb2 c5 16. Qb1 Bc6 17. Ne5 Be4 18. Bd3 Qd5 19. f3 Bxd3 20. Qxd3 Nd7 21.
Nxd7 Qxd7 22. Qe4 Bf6 23. Rfd1 c4 24. Rac1 cxb3 25. Qd3 Rc7 26. Rxc7 Qxc7 27.
Qxb3 Be7 28. Ba3 Bxa3 29. Qxa3 Rc8 30. Kf2 Qxh2 31. Rc1 Qh4+ 32. Kg1 Rxc1+ 33.
Qxc1 Qe7 34. Qc5 Qxc5 35. dxc5 Kf8 36. Kf2 Ke7 37. Ke2 Kd7 38. Kd3 Kc6 39. Kc4
f5 40. Kd4 g6 41. e4 fxe4 42. Kxe4 Kxc5 43. Ke5 0-1

[Event "C.to Provinciale AN-AP-FM-MC"]
[Site "Porto Sant'Elpidio ITA"]
[Date "2016.01.30"]
[Round "3"]
[White "Foglia, Maurizio"]
[Black "Miandro, Steven"]
[WhiteElo "2090"]
[BlackElo "1881"]
[Result "1/2-1/2"]
[PlyCount "88"]
[EventDate "2016.01.29"]

1. d4 Nf6 2. Bg5 g6 3. Bxf6 exf6 4. e3 d5 5. Nd2 Bd6 6. Ne2 O-O 7. c4 dxc4 8.
Nxc4 Be7 9. Nc3 c6 10. a4 Be6 11. Be2 Na6 12. O-O Nb4 13. Ne4 Rb8 14. a5 f5 15.
Nc5 Bc8 16. Qb3 Nd5 17. Rfd1 Qc7 18. Rdc1 Nf6 19. Ne5 Bxc5 20. Rxc5 Ne4 21. Rc2
Be6 22. Bc4 Bxc4 23. Qxc4 Qd6 24. a6 c5 25. Nf3 b6 26. g3 Rbc8 27. Rac1 Rc7 28.
Qe2 Rfc8 29. dxc5 Rxc5 30. Rxc5 Rxc5 31. Rd1 Qc7 32. Nd4 Rc1 33. Rxc1 Qxc1+ 34.
Kg2 Qc8 35. b4 Nd6 36. Qa2 Kg7 37. Qd5 Qc7 38. h4 h5 39. Nb5 Nxb5 40. Qxb5 Qe7
41. Kg1 Qe4 42. Qd7 Qb1+ 43. Kh2 Qf1 44. Qxa7 Qxf2+ 1/2-1/2

[Event "C.to Provinciale AN-AP-FM-MC"]
[Site "Porto Sant'Elpidio ITA"]
[Date "2016.01.30"]
[Round "3"]
[White "Fratini, Mauro"]
[Black "Serpilli, Francesco"]
[WhiteElo "1815"]
[BlackElo "1586"]
[Result "1-0"]
[PlyCount "127"]
[EventDate "2016.01.29"]

1. d4 d5 2. Nf3 Nf6 3. Bf4 e6 4. e3 Bd6 5. Ne5 O-O 6. Nd2 c5 7. c3 Nc6 8. Bg3
Qc7 9. f4 Ne7 10. Bd3 Nf5 11. Qf3 b6 12. Bf2 Be7 13. g4 Nd6 14. Rg1 Bb7 15. Qh3
g6 16. Qh6 Nfe4 17. Nxe4 Nxe4 18. Bxe4 dxe4 19. Rg3 Bd6 20. Rh3 f6 21. Nxg6
hxg6 22. Qh8+ Kf7 23. Rh7+ Ke8 24. Rxc7 Rxh8 25. Rxb7 Rxh2 26. Rd1 Rh1+ 27. Ke2
Rxd1 28. Kxd1 Kf8 29. Rh7 Kg8 30. Rd7 Bf8 31. Bh4 f5 32. gxf5 gxf5 33. Bf6 cxd4
34. Bxd4 Bc5 35. Bxc5 bxc5 36. Kc2 Kf8 37. Kd2 c4 38. b4 Ke8 39. Rd4 Rd8 40.
Ke2 Rd5 41. Rxc4 a5 42. a3 Kd7 43. Rd4 Kc6 44. Kd2 Rxd4+ 45. cxd4 Kb5 46. bxa5
Kxa5 47. Kc3 Ka4 48. Kb2 Ka5 49. Kb3 Kb5 50. a4+ Ka5 51. Ka3 Ka6 52. Kb4 Kb6
53. a5+ Ka6 54. Ka4 Ka7 55. Kb5 Kb7 56. a6+ Ka7 57. Ka5 Ka8 58. Kb6 Kb8 59. a7+
Ka8 60. Kc6 Kxa7 61. Kd6 Kb6 62. Kxe6 Kc6 63. d5+ Kc7 64. Kxf5 1-0

[Event "C.to Provinciale AN-AP-FM-MC"]
[Site "Porto Sant'Elpidio ITA"]
[Date "2016.01.30"]
[Round "3"]
[White "Guglielmi, Dante"]
[Black "Gregori, Giacomo"]
[WhiteElo "1851"]
[BlackElo "2122"]
[Result "0-1"]
[PlyCount "82"]
[EventDate "2016.01.29"]

1. c4 Nf6 2. Nc3 g6 3. g3 Bg7 4. Bg2 O-O 5. e3 d6 6. Nge2 e5 7. O-O Re8 8. d4
e4 9. f3 exf3 10. Rxf3 c5 11. dxc5 dxc5 12. Qxd8 Rxd8 13. Nf4 Nc6 14. Rf1 Bf5
15. Nfd5 Nxd5 16. cxd5 Nb4 17. e4 Bd7 18. Bg5 Bd4+ 19. Kh1 Re8 20. Bf6 Nc2 21.
Rac1 Ne3 22. Rf3 Bxf6 23. Rxf6 Kg7 24. Rf2 Ng4 25. Rf4 Ne5 26. Bf1 a6 27. a4
Rac8 28. Be2 c4 29. Rcf1 b5 30. Rf6 b4 31. Na2 Bf5 32. Rxa6 Bxe4+ 33. Kg1 c3
34. Rb6 cxb2 35. Rxb4 b1=Q 36. Rfxb1 Bxb1 37. Rxb1 Rc2 38. Bb5 Nf3+ 39. Kf1
Nxh2+ 40. Kg1 Nf3+ 41. Kf1 Nd2+ 0-1

[Event "C.to Provinciale AN-AP-FM-MC"]
[Site "Porto Sant'Elpidio ITA"]
[Date "2016.01.30"]
[Round "3"]
[White "Marinucci, Johnny"]
[Black "Occhipinti, Giuseppe"]
[WhiteElo "1666"]
[BlackElo "1969"]
[Result "1/2-1/2"]
[PlyCount "76"]
[EventDate "2016.01.29"]

1. d4 f5 2. Bf4 e6 3. e3 Nf6 4. Nf3 b6 5. Nbd2 Bb7 6. Bd3 Be7 7. h3 O-O 8. O-O
Be4 9. Rc1 c5 10. Nc4 Nd5 11. Bh2 d6 12. a3 Nc6 13. Ncd2 cxd4 14. exd4 Bxd3 15.
cxd3 Qd7 16. Re1 Bf6 17. Qa4 Rfc8 18. Nc4 f4 19. Ncd2 a6 20. Ne4 b5 21. Nxf6+
gxf6 22. Qd1 Re8 23. Qe2 Rac8 24. Rc2 Na7 25. Rxc8 Nxc8 26. Nh4 Kh8 27. Qg4 f5
28. Qh5 Nce7 29. Qh6 Rc8 30. Bxf4 Nxf4 31. Qxf4 Rg8 32. Qh6 Ng6 33. Nxg6+ Rxg6
34. Qf8+ Rg8 35. Qf6+ Rg7 36. Rxe6 Qc6 37. d5 Qc1+ 38. Kh2 Qf4+ 1/2-1/2

[Event "C.to Provinciale AN-AP-FM-MC"]
[Site "Porto Sant'Elpidio ITA"]
[Date "2016.01.30"]
[Round "3"]
[White "Marzetti, Alessandro"]
[Black "Lattanzi, Matteo"]
[WhiteElo "1276"]
[BlackElo "1686"]
[Result "0-1"]
[PlyCount "86"]
[EventDate "2016.01.29"]

1. d4 Nf6 2. c4 g6 3. Nc3 d5 4. cxd5 Nxd5 5. e4 Nxc3 6. bxc3 Bg7 7. Be3 c5 8.
Bc4 Nc6 9. Rc1 cxd4 10. cxd4 Nxd4 11. Ne2 Ne6 12. Qb3 O-O 13. h4 a5 14. h5 a4
15. Qb1 Nc7 16. hxg6 hxg6 17. Bh6 b5 18. Bd3 Bxh6 19. Rxh6 Kg7 20. Rh2 Na6 21.
Nf4 Qd6 22. Qb2+ f6 23. Qd2 Qb4 24. Ke2 Qxd2+ 25. Kxd2 Rd8 26. Rch1 Rg8 27.
Rh7+ Kf8 28. Bxb5 Nc5 29. Bc4 e6 30. Ke3 Rg7 31. Rh8+ Ke7 32. R1h7 Kf7 33. Kd4
g5 34. Nh5 Rxh7 35. Rxh7+ Kg6 36. Rh8 Nxe4 37. Kxe4 Bb7+ 38. Ke3 Rxh8 39. Be2
a3 40. g4 Bd5 41. Bd3+ Kf7 42. Kd2 Bxa2 43. Kc3 Rb8 0-1

[Event "C.to Provinciale AN-AP-FM-MC"]
[Site "Porto Sant'Elpidio ITA"]
[Date "2016.01.30"]
[Round "3"]
[White "Menichelli, Alessandro"]
[Black "Nagni, Marco"]
[WhiteElo "1922"]
[BlackElo "1775"]
[Result "1-0"]
[PlyCount "55"]
[EventDate "2016.01.29"]

1. Nf3 c5 2. c4 b6 3. g3 Bb7 4. Bg2 Nf6 5. O-O e6 6. Nc3 a6 7. e3 d6 8. b3 Be7
9. Bb2 Nbd7 10. d4 cxd4 11. exd4 Rc8 12. Qe2 O-O 13. Nd1 Re8 14. Ne3 Qc7 15.
Rac1 Qb8 16. Rfd1 Qa8 17. h4 d5 18. Ne5 Rc7 19. cxd5 Rxc1 20. Rxc1 Nxe5 21.
dxe5 Nxd5 22. Nxd5 Bxd5 23. Bxd5 Qxd5 24. Qxa6 Qd2 25. Rc8 Bd8 26. Qb5 Re7 27.
Ba3 Rd7 28. Bd6 1-0

[Event "C.to Provinciale AN-AP-FM-MC"]
[Site "Porto Sant'Elpidio ITA"]
[Date "2016.01.30"]
[Round "3"]
[White "Pocognoli, Gianfranco"]
[Black "Peretti, Feliciano"]
[WhiteElo "1694"]
[BlackElo "1212"]
[Result "0-1"]
[PlyCount "150"]
[EventDate "2016.01.29"]

1. d4 Nf6 2. e3 g6 3. f4 Bg7 4. Nf3 O-O 5. g3 d6 6. Bg2 Bg4 7. h3 Bxf3 8. Bxf3
c6 9. O-O Nbd7 10. Nd2 e5 11. c3 exf4 12. exf4 Re8 13. Nc4 d5 14. Ne5 h6 15.
Qd3 Nxe5 16. fxe5 Nh7 17. Bg2 Ng5 18. Bxg5 Qxg5 19. Qf3 Rf8 20. Qf4 Qe7 21.
Rae1 Rae8 22. Qg4 h5 23. Qf3 Bh6 24. h4 Qe6 25. Kh2 Qe7 26. Bh3 Bg7 27. Qf4 Kh7
28. Qg5 Qc7 29. Qd2 Bh6 30. Qd3 Qe7 31. Rf6 Rg8 32. Ref1 Rg7 33. g4 hxg4 34.
Bxg4 Reg8 35. h5 Bg5 36. hxg6+ fxg6 37. Qh3+ Bh6 38. e6 Qd6+ 39. Kg2 Re7 40.
Rf7+ Rxf7 41. Rxf7+ Rg7 42. Qf3 Bg5 43. Rxg7+ Kxg7 44. Qf7+ Kh6 45. Qg8 Bf6 46.
Qf7 Kg5 47. e7 Qxe7 48. Qxe7 Bxe7 49. Bc8 b6 50. Bd7 c5 51. Kf3 Bd6 52. Be6 Bf4
53. Bxd5 cxd4 54. cxd4 Bc1 55. b3 Bb2 56. Ke4 Kh4 57. Be6 g5 58. d5 Ba3 59. Kd3
g4 60. Kc4 g3 61. d6 Bxd6 62. Bd5 Kh3 63. Kb5 g2 64. Bxg2+ Kxg2 65. Ka6 Kf2 66.
Kxa7 b5 67. a4 b4 68. Kb6 Ke2 69. Kc6 Bf4 70. Kb5 Bd6 71. Kc6 Bf4 72. a5 Kd2
73. a6 Be3 74. Kb5 Kc3 75. Ka4 Bg1 0-1

[Event "C.to Provinciale AN-AP-FM-MC"]
[Site "Porto Sant'Elpidio ITA"]
[Date "2016.01.30"]
[Round "3"]
[White "Rinaudo, Claudio"]
[Black "Bruni, Emiliano"]
[WhiteElo "1892"]
[BlackElo "1784"]
[Result "1-0"]
[PlyCount "73"]
[EventDate "2016.01.29"]

1. d4 Nf6 2. Nf3 b6 3. g3 Bb7 4. Bg2 e6 5. O-O Be7 6. c4 O-O 7. Nc3 Ne4 8. Qc2
Nxc3 9. bxc3 f5 10. Nd2 Bxg2 11. Kxg2 Nc6 12. e4 Na5 13. d5 fxe4 14. Qxe4 exd5
15. cxd5 Nb7 16. Nb3 Bf6 17. Qd3 d6 18. Be3 Qd7 19. Rae1 a5 20. Re2 Rae8 21.
Rfe1 Re5 22. c4 Rh5 23. f4 Qh3+ 24. Kg1 a4 25. Nd2 Nc5 26. Bxc5 bxc5 27. Nf3
Qg4 28. Re8 Rxe8 29. Rxe8+ Kf7 30. Qe2 Qf5 31. Rb8 Kg6 32. h4 Kh6 33. Ng5 Bd4+
34. Kg2 Qf6 35. Rh8 Kg6 36. Qe8+ Kf5 37. Qe4+ 1-0

[Event "C.to Provinciale AN-AP-FM-MC"]
[Site "Porto Sant'Elpidio ITA"]
[Date "2016.01.30"]
[Round "3"]
[White "Sagripanti, Michele"]
[Black "Sbraccia, Giovanni"]
[WhiteElo "2157"]
[BlackElo "1919"]
[Result "0-1"]
[PlyCount "84"]
[EventDate "2016.01.29"]

1. e4 c6 2. d4 d5 3. Nc3 dxe4 4. Nxe4 Bf5 5. Ng3 Bg6 6. h4 h6 7. Nf3 Nd7 8. h5
Bh7 9. Bd3 Bxd3 10. Qxd3 Qc7 11. Bd2 Ngf6 12. O-O-O e6 13. Ne4 O-O-O 14. g3 Nc5
15. Nxc5 Bxc5 16. Rh4 Bd6 17. c4 Kb8 18. Bc3 c5 19. d5 Ka8 20. Bxf6 gxf6 21.
Re4 f5 22. Ree1 exd5 23. cxd5 c4 24. Qxf5 c3 25. b3 Qa5 26. Re2 Rhe8 27. Rc2
Ba3+ 28. Kb1 Bb2 29. Qd3 Rd6 30. a4 Qb4 31. Qb5 Qe4 32. Qd3 Qe7 33. Nh4 Rf6 34.
Nf5 Qa3 35. Re2 Rc8 36. Qc4 c2+ 37. Kxc2 Rxc4+ 38. bxc4 Qxa4+ 39. Kxb2 Rxf5 40.
Rd4 Rf3 41. Red2 Qa3+ 42. Kc2 Qb3+ 0-1

[Event "C.to Provinciale AN-AP-FM-MC"]
[Site "Porto Sant'Elpidio ITA"]
[Date "2016.01.30"]
[Round "3"]
[White "Skrijely, Edin"]
[Black "Cerquetti, Edoardo"]
[WhiteElo "1682"]
[BlackElo "1388"]
[Result "1-0"]
[PlyCount "49"]
[EventDate "2016.01.29"]

1. e4 c5 2. Nc3 d6 3. g3 Nf6 4. Bg2 e6 5. d3 Be7 6. f4 O-O 7. Nh3 h6 8. O-O Nc6
9. Be3 a6 10. Qd2 Ng4 11. Nf2 Nxe3 12. Qxe3 Nd4 13. Qd2 Qc7 14. Ncd1 Bd7 15. c3
Nc6 16. Ne3 b5 17. Nfg4 b4 18. f5 h5 19. f6 hxg4 20. Nxg4 Ne5 21. Qg5 Ng6 22.
fxe7 Rfe8 23. Rxf7 Kxf7 24. Rf1+ Kg8 25. Qxg6 1-0

[Event "C.to Provinciale AN-AP-FM-MC"]
[Site "Porto Sant'Elpidio ITA"]
[Date "2016.01.30"]
[Round "3"]
[White "Vannicola, Roberto"]
[Black "Marvulli, Michele"]
[WhiteElo "1549"]
[BlackElo "1407"]
[Result "0-1"]
[PlyCount "94"]
[EventDate "2016.01.29"]

1. c4 Nf6 2. Nc3 c5 3. g3 g6 4. Bg2 d6 5. Nf3 Bg7 6. O-O O-O 7. d3 Nbd7 8. Bd2
a6 9. a4 Rb8 10. Rb1 e6 11. b4 b6 12. b5 a5 13. Qc1 Ng4 14. h3 Nge5 15. Nxe5
Bxe5 16. Bf4 Qf6 17. Ne4 Qe7 18. Bxe5 dxe5 19. f4 f5 20. Nc3 exf4 21. Qxf4 e5
22. Nd5 Qd6 23. Qe3 Bb7 24. Qg5 Kg7 25. Qe7+ Qxe7 26. Nxe7 Bxg2 27. Kxg2 Nf6
28. Nc6 Rb7 29. Rfe1 e4 30. d4 cxd4 31. Nxd4 Kf7 32. e3 Rd8 33. Rbd1 Rbd7 34.
Rd2 Rd6 35. Red1 R8d7 36. Nb3 Ke7 37. Rxd6 Rxd6 38. Rxd6 Kxd6 39. Kf2 Nd7 40.
Ke2 Nc5 41. Nd4 Nxa4 42. Kd2 Kc5 43. Kc2 Kxc4 44. g4 f4 45. Ne6 f3 46. Kd2 Nc5
47. Nd4 Nb3+ 0-1

[Event "C.to Provinciale AN-AP-FM-MC"]
[Site "Porto Sant'Elpidio ITA"]
[Date "2016.01.30"]
[Round "3"]
[White "Vincioni, Alberto"]
[Black "Della Mora, David"]
[WhiteElo "1285"]
[BlackElo "1813"]
[Result "0-1"]
[PlyCount "52"]
[EventDate "2016.01.29"]

1. e4 d6 2. d4 Nf6 3. Nc3 g6 4. Nf3 Bg7 5. Be3 c6 6. Qd2 b5 7. a3 Nbd7 8. h3
O-O 9. Be2 Qc7 10. e5 dxe5 11. Nxe5 Nxe5 12. dxe5 Qxe5 13. f4 Qd6 14. Bd3 Nd5
15. Nxd5 Qxd5 16. O-O-O Qa2 17. c3 Qa1+ 18. Bb1 Bf5 19. Qc2 Bxc2 20. Kxc2 Rfd8
21. Rc1 b4 22. Kb3 bxa3 23. bxa3 Rab8+ 24. Kc4 Qxa3 25. Be4 Qa4+ 26. Kc5 Qb5#
0-1

[Event "C.to Provinciale AN-AP-FM-MC"]
[Site "Porto Sant'Elpidio ITA"]
[Date "2016.01.30"]
[Round "3"]
[White "Zingaretti, Primo"]
[Black "Ricci, Angelo"]
[WhiteElo "1569"]
[BlackElo "1445"]
[Result "1-0"]
[PlyCount "131"]
[EventDate "2016.01.29"]

1. e4 d6 2. Nc3 Nf6 3. d4 g6 4. Bc4 Bg7 5. h3 a6 6. Nf3 b5 7. Bd3 Bb7 8. a3
Nbd7 9. O-O O-O 10. Re1 c5 11. d5 c4 12. Bf1 h6 13. Be3 Kh7 14. Rb1 Nb6 15. Nh2
Nfd7 16. Qd2 Nf6 17. f3 Nbd7 18. b3 cxb3 19. Rxb3 Nc5 20. Rb4 Qa5 21. Nb1 Rab8
22. Qd1 Nfd7 23. Bd2 Qb6 24. Be3 Qc7 25. Ng4 h5 26. Nf2 Na4 27. Bd4 e5 28. dxe6
fxe6 29. Bxg7 Kxg7 30. Nd3 Rbc8 31. Re2 Nc3 32. Nxc3 Qxc3 33. Rb3 Qf6 34. Qd2
Ne5 35. Nxe5 Qxe5 36. a4 Rc5 37. axb5 axb5 38. Rd3 Rfc8 39. Rxd6 Rxc2 40. Rd7+
Kf6 41. Qd4 Qxd4+ 42. Rxd4 Rc1 43. Rb4 Ba6 44. Rf2 R8c4 45. Rbb2 b4 46. Kh2
Rxf1 47. Rxf1 Rc2 48. Rxc2 Bxf1 49. Rb2 Ke5 50. Kg3 g5 51. Rxb4 h4+ 52. Kf2 Bd3
53. Rb3 Bc4 54. Ra3 Kf4 55. Ra8 Bd3 56. Rf8+ Ke5 57. g3 hxg3+ 58. Kxg3 Be2 59.
Rg8 Kf6 60. Kf2 Bc4 61. Rc8 Bb5 62. Rc5 Be8 63. Kg3 Bg6 64. Kg4 e5 65. Rc6+ Kg7
66. Kxg5 1-0

[Event "C.to Provinciale AN-AP-FM-MC"]
[Site "Porto Sant'Elpidio ITA"]
[Date "2016.01.31"]
[Round "4"]
[White "Agostinelli, Michele"]
[Black "Marzetti, Alessandro"]
[WhiteElo "1558"]
[BlackElo "1276"]
[Result "1-0"]
[PlyCount "135"]
[EventDate "2016.01.29"]

1. e4 d6 2. d4 Nf6 3. Nc3 g6 4. Bd3 Bg7 5. Nge2 O-O 6. O-O c6 7. h3 b5 8. Ng3
a5 9. Be3 b4 10. Nce2 Ba6 11. c4 bxc3 12. bxc3 Bxd3 13. Qxd3 Nbd7 14. f4 Qc7
15. f5 Rab8 16. Bg5 h6 17. Be3 g5 18. Qd2 Rb7 19. h4 Ng4 20. Bxg5 Ndf6 21. Bf4
Rfb8 22. Qc1 Qb6 23. Kh1 Qb2 24. Qd1 Kh7 25. e5 dxe5 26. Bxe5 Nxe5 27. dxe5 Rd7
28. Qe1 Ng4 29. e6 Rd2 30. exf7 Ne3 31. Qf2 Nxf1 32. Rxf1 Bf6 33. Qa7 Kg7 34.
Nh5+ Kxf7 35. Nxf6 Kxf6 36. Qc5 Qb5 37. Qxb5 Rxb5 38. Nd4 Rxd4 39. cxd4 Rxf5
40. Rc1 Rf4 41. Rxc6+ Kg7 42. Ra6 Rxh4+ 43. Kg1 Rxd4 44. Rxa5 Rd2 45. a4 Ra2
46. Kh2 Kf7 47. Kh3 Ke6 48. g3 Kd6 49. Kh4 e5 50. Kg4 Rf2 51. Ra6+ Kd5 52. Rxh6
e4 53. a5 e3 54. Rh5+ Kd4 55. Rh8 e2 56. Re8 Kc4 57. a6 Rf7 58. Rxe2 Kb5 59.
Ra2 Ra7 60. Kf5 Kc6 61. Kf6 Kd6 62. g4 Kd7 63. g5 Ke8 64. g6 Kf8 65. g7+ Rxg7
66. a7 Rf7+ 67. Ke6 Re7+ 68. Kd6 1-0

[Event "C.to Provinciale AN-AP-FM-MC"]
[Site "Porto Sant'Elpidio ITA"]
[Date "2016.01.31"]
[Round "4"]
[White "Cerquetti, Edoardo"]
[Black "Pocognoli, Gianfranco"]
[WhiteElo "1388"]
[BlackElo "1694"]
[Result "0-1"]
[PlyCount "76"]
[EventDate "2016.01.29"]

1. e4 e6 2. d4 d5 3. exd5 exd5 4. Bd3 Nc6 5. c3 Bd6 6. Nf3 Nge7 7. Be3 Bg4 8.
Nbd2 Qd7 9. O-O O-O-O 10. Qc2 f5 11. Ne5 Bxe5 12. dxe5 Nxe5 13. Bxa7 Nxd3 14.
Qxd3 Nc6 15. Bd4 Rhe8 16. f3 Bh5 17. a4 Bg6 18. Qb5 Nxd4 19. Qxd7+ Kxd7 20.
cxd4 Re2 21. Rad1 f4 22. Rf2 Rde8 23. Nb3 b6 24. Rd2 Rxf2 25. Kxf2 Ra8 26. a5
bxa5 27. Nc5+ Kd6 28. Re2 Bf7 29. Re5 g6 30. g3 fxg3+ 31. hxg3 a4 32. Re3 Rb8
33. Nxa4 Rb4 34. Ra3 Rxd4 35. Ke3 Rb4 36. b3 d4+ 37. Kd3 Rxb3+ 38. Rxb3 Bxb3
0-1

[Event "C.to Provinciale AN-AP-FM-MC"]
[Site "Porto Sant'Elpidio ITA"]
[Date "2016.01.31"]
[Round "4"]
[White "Della Mora, David"]
[Black "Sagripanti, Michele"]
[WhiteElo "1813"]
[BlackElo "2157"]
[Result "0-1"]
[PlyCount "60"]
[EventDate "2016.01.29"]

1. Nf3 g6 2. g3 Bg7 3. Bg2 Nf6 4. O-O O-O 5. c4 d5 6. d4 c6 7. b3 Bf5 8. Nc3
Nbd7 9. cxd5 cxd5 10. Ne5 Be6 11. f4 Rc8 12. Bb2 Qa5 13. Qe1 Rfd8 14. Nxd5 Qxe1
15. Nxf6+ exf6 16. Rfxe1 fxe5 17. fxe5 Rc2 18. Ba3 Nb6 19. e3 Bh6 20. Bxb7 Bd5
21. Bxd5 Nxd5 22. e4 Nc3 23. d5 Bd2 24. Be7 Rd7 25. d6 Bxe1 26. Rxe1 Nxa2 27.
Bg5 Nc3 28. e6 fxe6 29. e5 Re2 30. Rc1 Rxe5 0-1

[Event "C.to Provinciale AN-AP-FM-MC"]
[Site "Porto Sant'Elpidio ITA"]
[Date "2016.01.31"]
[Round "4"]
[White "Gregori, Giacomo"]
[Black "Sbraccia, Giovanni"]
[WhiteElo "2122"]
[BlackElo "1919"]
[Result "1/2-1/2"]
[PlyCount "65"]
[EventDate "2016.01.29"]

1. d4 Nf6 2. Bg5 c5 3. d5 Qb6 4. Nc3 g6 5. e4 d6 6. Nf3 Bg7 7. Qd2 Nbd7 8. Bc4
Qxb2 9. O-O Qb4 10. Bb5 Ng4 11. e5 Ngxe5 12. Nxe5 Bxe5 13. Rae1 O-O 14. Rxe5
Nxe5 15. Bxe7 Bd7 16. Be2 f6 17. Bxf8 Rxf8 18. Rb1 Qd4 19. Qxd4 cxd4 20. Ne4 b6
21. h3 Bf5 22. f3 Bxe4 23. fxe4 Rc8 24. Rb2 Rc3 25. Kf2 Kf7 26. a4 Ra3 27. Rb4
d3 28. cxd3 Ra2 29. Ke3 Ra3 30. Kd2 Ra2+ 31. Ke3 Ra3 32. Kd2 Ra2+ 33. Ke3
1/2-1/2

[Event "C.to Provinciale AN-AP-FM-MC"]
[Site "Porto Sant'Elpidio ITA"]
[Date "2016.01.31"]
[Round "4"]
[White "Lattanzi, Matteo"]
[Black "Guglielmi, Dante"]
[WhiteElo "1686"]
[BlackElo "1851"]
[Result "0-1"]
[PlyCount "82"]
[EventDate "2016.01.29"]

1. d4 d5 2. Bf4 Nf6 3. e3 c5 4. c3 Qb6 5. Qb3 c4 6. Qc2 Nc6 7. Nd2 Bg4 8. b3
cxb3 9. axb3 e6 10. Ngf3 Rc8 11. Be2 Bf5 12. Qb2 h6 13. O-O Be7 14. Ra2 O-O 15.
c4 a5 16. c5 Qd8 17. Rfa1 Ra8 18. Ne5 Nb4 19. Ra4 Ne4 20. f3 Nf6 21. Nf1 Nh5
22. Ng3 Nxf4 23. Nxf5 Nxe2+ 24. Qxe2 exf5 25. Qb5 Qc7 26. Rxa5 Rxa5 27. Rxa5
Nc6 28. Nxc6 bxc6 29. Qa4 Bg5 30. f4 Bf6 31. Ra7 Qc8 32. b4 Qe6 33. Kf2 Re8 34.
Qa3 g5 35. Ra8 gxf4 36. Rxe8+ Qxe8 37. exf4 Bxd4+ 38. Kf3 Qe4+ 39. Kg3 Qe3+ 40.
Qxe3 Bxe3 41. Kf3 Bd2 0-1

[Event "C.to Provinciale AN-AP-FM-MC"]
[Site "Porto Sant'Elpidio ITA"]
[Date "2016.01.31"]
[Round "4"]
[White "Marchetti, Michael"]
[Black "Marinucci, Johnny"]
[WhiteElo "1818"]
[BlackElo "1666"]
[Result "1-0"]
[PlyCount "55"]
[EventDate "2016.01.29"]

1. Nf3 Nf6 2. d4 g6 3. e3 Bg7 4. b3 O-O 5. Bb2 b6 6. Bd3 Bb7 7. O-O d5 8. Ne5
Nbd7 9. f4 Nxe5 10. fxe5 Ne4 11. Nd2 Nxd2 12. Qxd2 f6 13. exf6 exf6 14. Rf3 Re8
15. Raf1 Qd6 16. Qf2 Re6 17. Rh3 Qe7 18. Qh4 Rxe3 19. Qxh7+ Kf8 20. Bxg6 Re1
21. Rhf3 Rxf1+ 22. Rxf1 Ba6 23. c4 Rd8 24. Ba3 Rd6 25. Bxd6 cxd6 26. Qh4 Qe3+
27. Kh1 Bh6 28. Qxf6+ 1-0